Medzinárodná konferencia o izolantoch

Bibliographic Details
Main Author: Adamec, Vladimír (Author)
Format: Article
Language:Slovak
Subjects:

MARC

LEADER 00000nab a2200000 a 4500
001 vtls000219972
003 SK-MaSNL
005 20260304052244.0
008 250422c1985 xo 0 slo
015 |a SNBRB19rr/mm-uuuuu 
035 |a CL0230086 
035 |a urn:nbn:sk:snk-ab2m7r 
035 |a (urnnbn)urn:nbn:sk:snk:ar-a02mw8 
035 |a (uuid)cca66ebc-344e-4c1c-94c8-ca55096e4aac 
040 |a SNKBUCL  |b slo  |c SNKBUCL  |e AACR2 
041 0 |a slo 
044 |a xo  |c SK 
080 |a 621.315.61:621.317.3:061.3  |2 1981 
080 |a 621.317.3  |2 1981 
080 |a 061.3  |2 1981 
100 1 |a Adamec, Vladimír  |4 aut  |9 279345 
245 1 0 |a Medzinárodná konferencia o izolantoch  |c Vladimír Adamec 
650 0 7 |a izolanty  |2 snkbucl  |9 82534 
655 7 |a články z novín a časopisov  |2 snkbucl  |9 267496 
773 0 |t Elektroizolačná a káblová technika - Ekt  |g Roč. 38, č. 1-2 (1985), s. 122 
850 |a Slovenská národná knižnica 
852 |a Slovenská národná knižnica 
954 |a odborná, vedecká literatúra pôvodná (slovenská)  |2 lita 
958 |a article27 
958 |a RK 
958 |a OND 
958 |a EUIPO 
992 |a RBX 
999 |c 2707428  |d 2709358